Les Simpson - Expressions d'Homer - Statistiques

Statistiques générales
  • Ce quiz a été pris 149 fois
  • Le résultat moyen est 6 sur 10
Statistiques - réponses
Question Réponse % Correct
"Ah [...], la cause et la solution de tous nos problèmes dans la vie" l'alcool
96%
"Si tu ne fais jamais rien, [...]" tu ne feras jamais d'erreurs
80%
"Essayer, c’est la première étape vers [...]" l'échec
64%
"Mais je dormais pas, [...]" j'étais bourré
60%
"Vous envoyez des bonhommes sur la Lune mais vous pouvez pas empêcher [...] de schlinguer" mes chaussettes
60%
"Si t'es là haut, sauve-moi [...]" Superman
60%
"Je serais végétarien si [...] poussait/poussaient sur les arbres" le bacon
52%
"C'est pas parce que je m'en fous que [...]" je comprends pas
44%
"Tais-toi le cerveau ou je te tue [...]" avec un coton-tige
36%
"Tu peux avoir tout l'argent du monde, mais y'a un truc que tu n'auras jamais : [...]" un dinosaure
28%
Aucun quiz correspondant
Distribution des résultats
% des personnes avec chaque résultat
Percentile par nombre de réponses
Votre historique - résultats
Vous n’avez pas pris ce quiz